[Event "Copenhagen Chess Challenge 2013"]
[Site "Ballerup"]
[Date "2013.??.??"]
[Round "7"]
[White "Georgiev, Vladimir"]
[Black "Carstensen, Jacob"]
[Result "1/2-1/2"]
[WhiteElo "2559"]
[BlackElo "2401"]
[PlyCount "138"]
[EventDate "2013.??.??"]
[EventType "swiss"]
[EventRounds "9"]
[EventCountry "DEN"]

1. d4 Nf6 2. c4 e6 3. Nc3 Bb4 4. e3 b6 5. Bd3 Bb7 6. Nf3 O-O 7. O-O d5 8. cxd5
exd5 9. a3 Bd6 10. b4 a6 11. Qb3 Qe7 12. Bb2 Rd8 13. Rac1 Nbd7 14. Rfe1 Nf8 15.
b5 axb5 16. Nxb5 Ne4 17. a4 Ng6 18. Nxd6 Qxd6 19. Re2 Qd7 20. Rec2 c5 21. Bb5
Bc6 22. dxc5 Nxc5 23. Qc3 f6 24. Ba3 Bxb5 25. axb5 Qxb5 26. Bxc5 bxc5 27. Qxc5
Qxc5 28. Rxc5 Ne5 29. Nxe5 fxe5 30. Rd1 Kf7 31. g3 Ke6 32. Rc7 Kf6 33. Rb1 Rab8
34. Rbc1 Rd6 35. R1c6 Rbd8 36. Kf1 d4 37. exd4 exd4 38. Ke2 h5 39. Kd3 g6 40.
Rxd6+ Rxd6 41. Rc4 Ke5 42. Rc5+ Kf6 43. Rc2 Kf5 44. h3 Kf6 45. Rc8 Rd5 46. Rf8+
Kg7 47. Rf4 Ra5 48. Rxd4 Ra3+ 49. Ke2 Kf6 50. Rd3 Ra4 51. Rd6+ Kg7 52. Ke3 Kf7
53. Rd4 Ra2 54. g4 Kf6 55. Rd6+ Ke5 56. Rxg6 Ra3+ 57. Ke2 Rxh3 58. g5 Kf5 59.
Rg8 Ra3 60. Kf1 Ra4 61. g6 Rg4 62. g7 Kf6 63. Rh8 Kxg7 64. Rxh5 Kg6 65. Ra5 Rb4
66. Kg2 Rg4+ 67. Kf3 Rb4 68. Kg3 Kf6 69. f4 Rb1 1/2-1/2

[Event "Copenhagen Chess Challenge 2013"]
[Site "Ballerup"]
[Date "2013.??.??"]
[Round "7"]
[White "Danielsen, Henrik"]
[Black "Smith, Axel"]
[Result "1-0"]
[WhiteElo "2500"]
[BlackElo "2467"]
[PlyCount "137"]
[EventDate "2013.??.??"]
[EventType "swiss"]
[EventRounds "9"]
[EventCountry "DEN"]

1. e4 e5 2. Nf3 Nc6 3. c3 Nf6 4. d3 d5 5. Nbd2 a5 6. Be2 Be7 7. O-O O-O 8. b3
Be6 9. Ng5 Bd7 10. a3 h6 11. Ngf3 Bg4 12. Bb2 Qd6 13. h3 Bxf3 14. Bxf3 d4 15.
Nc4 Qe6 16. cxd4 Nxd4 17. Bxd4 exd4 18. e5 Nd5 19. Bg4 Qa6 20. Qf3 Rad8 21.
Rfe1 g6 22. Qg3 b5 23. Nd2 Bg5 24. Ne4 Bf4 25. Qh4 Bxe5 26. Qxh6 Bf4 27. Qh4 f5
28. Nc5 Qf6 29. Qxf6 Rxf6 30. Bf3 Bd2 31. Nb7 Rd7 32. Re8+ Rf8 33. Re5 c6 34.
Nc5 Rd6 35. g3 Kf7 36. Ra2 Bg5 37. Nb7 Re6 38. Bxd5 cxd5 39. Rxd5 Rb8 40. Nd6+
Ke7 41. Nxb5 Bf6 42. Rc2 Re5 43. Rc7+ Ke8 44. Rxe5+ Bxe5 45. Rc5 Bf6 46. a4 Kd7
47. Rc7+ Ke6 48. Rc6+ Kf7 49. Ra6 f4 50. gxf4 Kg7 51. Rxa5 Re8 52. Ra7+ Kh6 53.
Kf1 Rf8 54. Nd6 Bh4 55. Nf7+ Kh5 56. Ra5+ g5 57. Nxg5 Bxg5 58. fxg5 Rf3 59. Ke2
Rxh3 60. Rd5 Rh4 61. a5 Rh1 62. b4 Ra1 63. Kf3 Ra4 64. Rb5 Ra2 65. Ke4 Rxf2 66.
a6 Ra2 67. Ra5 Rb2 68. a7 Rxb4 69. a8=Q 1-0

[Event "Copenhagen Chess Challenge 2013"]
[Site "Ballerup"]
[Date "2013.??.??"]
[Round "7"]
[White "Semcesen, Daniel"]
[Black "Sylvan, Jacob"]
[Result "1/2-1/2"]
[WhiteElo "2464"]
[BlackElo "2341"]
[PlyCount "74"]
[EventDate "2013.??.??"]
[EventType "swiss"]
[EventRounds "9"]
[EventCountry "DEN"]

1. d4 d5 2. c4 e6 3. Nc3 Nf6 4. cxd5 exd5 5. Bg5 Be7 6. e3 c6 7. Qc2 O-O 8. Bd3
Nbd7 9. Nge2 Re8 10. O-O Nf8 11. f3 Be6 12. Rad1 Qa5 13. Kh1 Rad8 14. Bh4 Bc8
15. a3 a6 16. Bf2 Ng6 17. Bg1 Bf8 18. Na4 Qc7 19. Nc5 Qe7 20. b4 Nd7 21. Nb3
Qg5 22. Nc3 Nf6 23. e4 Qh6 24. Rfe1 Nf4 25. Bf1 dxe4 26. fxe4 N6h5 27. Bf2 Rd6
28. e5 Rg6 29. Re3 Be6 30. Nc5 Nd5 31. Nxd5 Bxd5 32. Ne4 Nf4 33. Rde1 Ree6 34.
Bg3 Nh5 35. Bf2 Nf4 36. Rg3 Nh5 37. Rge3 Nf4 1/2-1/2

[Event "Copenhagen Chess Challenge 2013"]
[Site "Ballerup"]
[Date "2013.??.??"]
[Round "7"]
[White "Lovik, Lasse Ostebo"]
[Black "Haub, Thorsten Michael"]
[Result "0-1"]
[WhiteElo "2310"]
[BlackElo "2458"]
[PlyCount "110"]
[EventDate "2013.??.??"]
[EventType "swiss"]
[EventRounds "9"]
[EventCountry "DEN"]

1. Nf3 g6 2. c4 Bg7 3. g3 f5 4. d4 Nf6 5. Bg2 O-O 6. O-O c6 7. b3 Na6 8. Bb2 d5
9. Ne5 Be6 10. Nd2 Ne4 11. cxd5 Nxd2 12. Qxd2 Bxd5 13. Qf4 Bxg2 14. Kxg2 Nc7
15. Rad1 Qd5+ 16. Qf3 Rad8 17. Qxd5+ Rxd5 18. Nf3 Rfd8 19. Rb1 Nb5 20. e3 Bf6
21. h4 Nd6 22. Nd2 e5 23. Nf3 e4 24. Ng1 f4 25. exf4 Bxd4 26. Bxd4 Rxd4 27.
Rbd1 Nb5 28. Rxd4 Rxd4 29. Re1 Kf7 30. Re3 Rb4 31. f3 Nd6 32. Nh3 h6 33. Nf2
exf3+ 34. Kxf3 Nf5 35. Rc3 a5 36. Nd3 Rd4 37. Ne5+ Kf6 38. Nc4 Rd5 39. Ne3 Rd2
40. Nxf5 gxf5 41. a4 h5 42. Ke3 Rd5 43. Rc4 Ke6 44. b4 Kd6 45. bxa5 Rxa5 46.
Rb4 Kc7 47. Kd3 b6 48. Kc2 c5 49. Rc4 Kc6 50. Kb3 Ra8 51. Rc3 Re8 52. Rd3 Re4
53. Ka3 Re1 54. Kb3 Re2 55. Kc4 Re4+ 0-1

[Event "Copenhagen Chess Challenge 2013"]
[Site "Ballerup"]
[Date "2013.??.??"]
[Round "7"]
[White "Fries Nielsen, Jens Ove"]
[Black "Haubro, Martin"]
[Result "0-1"]
[WhiteElo "2373"]
[BlackElo "2179"]
[PlyCount "76"]
[EventDate "2013.??.??"]
[EventType "swiss"]
[EventRounds "9"]
[EventCountry "DEN"]

1. d4 Nf6 2. Nc3 d5 3. Bf4 e6 4. e3 a6 5. a3 c5 6. Nf3 Nc6 7. Bd3 c4 8. Be2 Be7
9. Ne5 Qb6 10. Rb1 Nxe5 11. Bxe5 O-O 12. O-O Qc6 13. f4 Ne8 14. Bf3 f6 15. e4
dxe4 16. Bxe4 Qb6 17. Qh5 g6 18. Bxg6 hxg6 19. Qxg6+ Ng7 20. f5 Bd7 21. Bf4 Be8
22. Qg3 Qxd4+ 23. Kh1 e5 24. Bh6 Rf7 25. Rbd1 Qc5 26. Ne4 Qc6 27. Rde1 Rd8 28.
c3 Rd3 29. Qg6 Bd7 30. g4 Rd1 31. Kg2 Rxe1 32. Rxe1 Qb6 33. Ng3 Bc6+ 34. Ne4
Qxb2+ 35. Kg3 Bxe4 36. Rxe4 Qxc3+ 37. Re3 Qd4 38. h4 c3 0-1

[Event "Copenhagen Chess Challenge 2013"]
[Site "Ballerup"]
[Date "2013.??.??"]
[Round "7"]
[White "Bejtovic, Jasmin"]
[Black "Tari, Aryan"]
[Result "1/2-1/2"]
[WhiteElo "2406"]
[BlackElo "2293"]
[PlyCount "40"]
[EventDate "2013.??.??"]
[EventType "swiss"]
[EventRounds "9"]
[EventCountry "DEN"]

1. Nf3 Nf6 2. g3 b5 3. Bg2 Bb7 4. O-O e6 5. d3 Be7 6. e4 d6 7. Nbd2 Nbd7 8. a4
a6 9. b4 O-O 10. Nb3 Rb8 11. axb5 axb5 12. Na5 Ba8 13. Bb2 c5 14. bxc5 Nxc5 15.
e5 dxe5 16. Nxe5 Bxg2 17. Kxg2 Na4 18. Nac6 Nxb2 19. Nxd8 Nxd1 20. Ndc6 Bd6
1/2-1/2

[Event "Copenhagen Chess Challenge 2013"]
[Site "Ballerup"]
[Date "2013.??.??"]
[Round "7"]
[White "Ochsner, Bjorn Moller"]
[Black "Skousen, Nikolai"]
[Result "1-0"]
[WhiteElo "2347"]
[BlackElo "2192"]
[PlyCount "153"]
[EventDate "2013.??.??"]
[EventType "swiss"]
[EventRounds "9"]
[EventCountry "DEN"]

1. e4 c5 2. Nf3 g6 3. d4 cxd4 4. Nxd4 Nc6 5. Nc3 Bg7 6. Be3 Nf6 7. Bc4 O-O 8.
Bb3 a5 9. O-O Nxd4 10. Bxd4 d6 11. a4 Bd7 12. Qd2 Bc6 13. Bd5 e6 14. Bxc6 bxc6
15. Rad1 Rb8 16. b3 Qc7 17. Rfe1 Rfd8 18. Qe2 e5 19. Be3 h6 20. Qf3 Kh7 21. Re2
d5 22. Bd2 dxe4 23. Nxe4 Nxe4 24. Rxe4 Rd5 25. Bc3 f5 26. Rc4 e4 27. Qe2 Rbd8
28. Rxd5 Rxd5 29. g3 Qd7 30. Bxg7 Kxg7 31. Kg2 h5 32. h4 c5 33. Qe3 Qc6 34. Kh2
Kh7 35. c3 Qd6 36. Kg2 Rd2 37. b4 f4 38. gxf4 Qe6 39. Rxe4 Qg4+ 40. Qg3 Qxg3+
41. Kxg3 Rd3+ 42. f3 cxb4 43. cxb4 axb4 44. Rxb4 Kg7 45. a5 Ra3 46. Rb7+ Kf6
47. Ra7 Ra4 48. a6 Ra2 49. Ra8 Ra4 50. Kf2 Ra3 51. f5 gxf5 52. a7 Kg7 53. Ke2
f4 54. Kd2 Kh7 55. Kc2 Kg7 56. Kb2 Ra4 57. Kb3 Ra5 58. Kb4 Ra1 59. Kc4 Ra4+ 60.
Kd5 Ra5+ 61. Ke4 Ra4+ 62. Kf5 Kh7 63. Kg5 Kg7 64. Kxh5 Kh7 65. Kg4 Kg7 66. h5
Kh7 67. h6 Ra6 68. Kxf4 Ra4+ 69. Ke3 Ra3+ 70. Kd4 Ra4+ 71. Kc3 Ra3+ 72. Kb4 Ra1
73. f4 Rb1+ 74. Kc3 Ra1 75. f5 Ra6 76. f6 Ra4 77. f7 1-0

[Event "Copenhagen Chess Challenge 2013"]
[Site "Ballerup"]
[Date "2013.??.??"]
[Round "7"]
[White "Jacobsen, Bo"]
[Black "Englert, Fabian"]
[Result "1/2-1/2"]
[WhiteElo "2310"]
[BlackElo "2214"]
[PlyCount "57"]
[EventDate "2013.??.??"]
[EventType "swiss"]
[EventRounds "9"]
[EventCountry "DEN"]

1. c4 e6 2. g3 d5 3. Bg2 d4 4. Nf3 Nc6 5. O-O Nf6 6. e3 Be7 7. b3 O-O 8. exd4
Nxd4 9. Bb2 c5 10. Nc3 Nd7 11. Re1 f5 12. Na4 Nb8 13. b4 Nxf3+ 14. Qxf3 cxb4
15. d4 Qa5 16. Qb3 Na6 17. a3 Bd7 18. axb4 Qxb4 19. Qc2 Bxa4 20. Qxa4 Qxb2 21.
Qd7 Rae8 22. Rab1 Qc3 23. Rxe6 Nb8 24. Qxb7 Bf6 25. Rxe8 Rxe8 26. Bd5+ Kh8 27.
Qxb8 Qe1+ 28. Kg2 Bxd4 29. Rxe1 1/2-1/2

[Event "Copenhagen Chess Challenge 2013"]
[Site "Ballerup"]
[Date "2013.??.??"]
[Round "7"]
[White "Westerinen, Heikki"]
[Black "Molvig, Henrik"]
[Result "1-0"]
[WhiteElo "2335"]
[BlackElo "2178"]
[PlyCount "37"]
[EventDate "2013.??.??"]
[EventType "swiss"]
[EventRounds "9"]
[EventCountry "DEN"]

1. e4 c5 2. Nf3 d6 3. d4 cxd4 4. Nxd4 Nf6 5. Nc3 a6 6. a4 e5 7. Nf3 Qc7 8. Bg5
Nbd7 9. Nd2 b6 10. Bc4 Bb7 11. Qe2 h6 12. Bh4 Be7 13. O-O O-O 14. Rfd1 Rfc8 15.
Ba2 Bc6 16. Qc4 Rf8 17. Nd5 Nxd5 18. exd5 Bxh4 19. dxc6 1-0

[Event "Copenhagen Chess Challenge 2013"]
[Site "Ballerup"]
[Date "2013.??.??"]
[Round "7"]
[White "Rhee, Alexander"]
[Black "Aabling Thomsen, Jakob"]
[Result "0-1"]
[WhiteElo "2147"]
[BlackElo "2320"]
[PlyCount "74"]
[EventDate "2013.??.??"]
[EventType "swiss"]
[EventRounds "9"]
[EventCountry "DEN"]

1. Nf3 d5 2. g3 Nf6 3. Bg2 g6 4. a3 Bg7 5. b4 Nfd7 6. c3 e5 7. d3 O-O 8. O-O a5
9. Nfd2 Nb6 10. Nb3 a4 11. Nc5 N8d7 12. e4 Nxc5 13. bxc5 Nd7 14. exd5 Nxc5 15.
Be3 Qe7 16. Ra2 Bf5 17. Rd2 h5 18. h3 Nb3 19. Ra2 Qd7 20. Kh2 c6 21. c4 cxd5
22. cxd5 Rac8 23. Re1 Rc7 24. Ree2 Rfc8 25. Rec2 Bf8 26. Bb6 Rxc2 27. Rxc2 Bd6
28. Rc4 Rxc4 29. dxc4 Bxb1 30. Qxb1 Bxa3 31. Be4 Qd6 32. Be3 Bc5 33. Bc2 Bxe3
34. fxe3 Nd2 35. Qxb7 Qf6 36. d6 Qf2+ 37. Kh1 Nf3 0-1

[Event "Copenhagen Chess Challenge 2013"]
[Site "Ballerup"]
[Date "2013.??.??"]
[Round "7"]
[White "Kenneskog, Theodor"]
[Black "Slettebo, Jan"]
[Result "1/2-1/2"]
[WhiteElo "2234"]
[BlackElo "2054"]
[PlyCount "95"]
[EventDate "2013.??.??"]
[EventType "swiss"]
[EventRounds "9"]
[EventCountry "DEN"]

1. d4 d5 2. c4 c6 3. Nf3 Nf6 4. Nc3 dxc4 5. a4 Bf5 6. Ne5 Nbd7 7. Nxc4 Nb6 8.
Ne5 a5 9. g3 Nfd7 10. Nf3 e6 11. Bg2 Be7 12. O-O O-O 13. e4 Bg6 14. Qe2 Re8 15.
Rd1 f5 16. Ne5 Nxe5 17. dxe5 Qc7 18. exf5 Bxf5 19. Be3 Bb4 20. Ne4 Nd5 21. Bd4
Bxe4 22. Bxe4 Qf7 23. f4 g6 24. Qf2 Rad8 25. h4 Rd7 26. Rd3 Red8 27. Rad1 Qe7
28. Qf3 Bc5 29. Bxc5 Qxc5+ 30. Kh1 Rf7 31. h5 Qf8 32. hxg6 Qh6+ 33. Kg2 hxg6
34. Rh1 Qg7 35. Qg4 Rf5 36. Bxf5 exf5 37. Qf3 g5 38. fxg5 Qxe5 39. Rf1 f4 40.
Kg1 Qxg5 41. Qg2 Ne3 42. Rxd8+ Qxd8 43. Qf3 Nxf1 44. Qg4+ Kh7 45. Qf5+ Kg7 46.
Qg4+ Kh7 47. Qf5+ Kg7 48. Qg4+ 1/2-1/2

[Event "Copenhagen Chess Challenge 2013"]
[Site "Ballerup"]
[Date "2013.??.??"]
[Round "7"]
[White "Schou Moldt, Thomas"]
[Black "Andersen, Kim Nyvang"]
[Result "1-0"]
[WhiteElo "2220"]
[BlackElo "2003"]
[PlyCount "71"]
[EventDate "2013.??.??"]
[EventType "swiss"]
[EventRounds "9"]
[EventCountry "DEN"]

1. e4 c5 2. Nf3 Nc6 3. d4 cxd4 4. Nxd4 Nf6 5. Nc3 e5 6. Nf5 d5 7. exd5 Bxf5 8.
dxc6 bxc6 9. Qf3 Qd7 10. Bc4 e4 11. Qg3 Bg6 12. Qe5+ Be7 13. O-O Ng4 14. Qg3
O-O 15. h3 Nf6 16. Rd1 Qf5 17. Qg5 Bc5 18. Qxf5 Bxf5 19. Na4 Be7 20. Be3 Rfd8
21. Ba6 Nd5 22. Bc5 Bxc5 23. Nxc5 e3 24. c3 exf2+ 25. Kxf2 Rab8 26. Bb7 Nf6 27.
Na6 Bc2 28. Nxb8 Bxd1 29. Nxc6 Rd7 30. Bc8 Rd6 31. Nd4 Ba4 32. Re1 g6 33. Re7
a6 34. Ra7 Ne4+ 35. Ke3 Nc5 36. b4 1-0

[Event "Copenhagen Chess Challenge 2013"]
[Site "Ballerup"]
[Date "2013.??.??"]
[Round "7"]
[White "Frisk, Ellinor"]
[Black "Hansen, Rasmus Agertoft"]
[Result "1-0"]
[WhiteElo "2194"]
[BlackElo "1981"]
[PlyCount "89"]
[EventDate "2013.??.??"]
[EventType "swiss"]
[EventRounds "9"]
[EventCountry "DEN"]

1. Nf3 g6 2. e4 d6 3. d4 Bg7 4. Bc4 Nf6 5. Qe2 O-O 6. O-O Bg4 7. Nbd2 Nc6 8. c3
e5 9. h3 Bxf3 10. Nxf3 Nh5 11. dxe5 dxe5 12. g3 h6 13. b3 Na5 14. Ba3 Re8 15.
Rfd1 Qc8 16. Kg2 Nxc4 17. Qxc4 c6 18. Rd2 Qe6 19. Qe2 Rad8 20. Rad1 Rxd2 21.
Qxd2 Kh7 22. Qd7 Qxd7 23. Rxd7 Nf6 24. Rxf7 Nxe4 25. Rxb7 Nxc3 26. Bb2 Nd5 27.
Bxe5 Re7 28. Rxe7 Nxe7 29. Bxg7 Kxg7 30. Nd4 Kf6 31. f4 a5 32. Kf3 c5 33. Nb5
Ke6 34. Nc3 Nf5 35. g4 Nd6 36. Ne4 Nb7 37. Ke3 Kd5 38. Kd3 Nd8 39. Nc3+ Kd6 40.
Ke4 Nf7 41. Nb5+ Ke6 42. a4 Nd8 43. Na3 Nc6 44. Nc4 Nd4 45. Nxa5 1-0

[Event "Copenhagen Chess Challenge 2013"]
[Site "Ballerup"]
[Date "2013.??.??"]
[Round "7"]
[White "Poulsen, Iver"]
[Black "Percivaldi, Martin"]
[Result "1-0"]
[WhiteElo "2057"]
[BlackElo "2097"]
[PlyCount "69"]
[EventDate "2013.??.??"]
[EventType "swiss"]
[EventRounds "9"]
[EventCountry "DEN"]

1. e4 e6 2. d4 d5 3. Nc3 Nf6 4. Bg5 dxe4 5. Nxe4 Be7 6. Bxf6 gxf6 7. Nf3 b6 8.
Bb5+ c6 9. Bc4 Bb7 10. Qe2 Qc7 11. O-O-O Nd7 12. Rhe1 O-O-O 13. Ba6 Rhg8 14.
Bxb7+ Kxb7 15. g3 f5 16. Ned2 Bf6 17. Nc4 b5 18. Nce5 Nxe5 19. Nxe5 Bxe5 20.
dxe5 Rg4 21. Rxd8 Qxd8 22. f4 h5 23. Rd1 Qe7 24. Rd6 h4 25. Qd3 Qf8 26. Qd4 c5
27. Qxc5 Qc8 28. Qxb5+ Ka8 29. Qd3 Rg8 30. Qf3+ Kb8 31. Rd3 Qa6 32. Rb3+ Kc7
33. Qc3+ Qc6 34. Qa5+ Kc8 35. Rc3 1-0

[Event "Copenhagen Chess Challenge 2013"]
[Site "Ballerup"]
[Date "2013.??.??"]
[Round "7"]
[White "Pedersen, Sven"]
[Black "Karlsson, Robin"]
[Result "1/2-1/2"]
[WhiteElo "2083"]
[BlackElo "1947"]
[PlyCount "68"]
[EventDate "2013.??.??"]
[EventType "swiss"]
[EventRounds "9"]
[EventCountry "DEN"]

1. e4 c5 2. Nf3 Nc6 3. Bb5 g6 4. O-O Bg7 5. Re1 Nf6 6. e5 Nd5 7. c3 Qc7 8. d4
cxd4 9. cxd4 O-O 10. Nc3 Nxc3 11. bxc3 d6 12. exd6 Qxd6 13. Bg5 Be6 14. Qd2 a6
15. Bxc6 bxc6 16. Rab1 c5 17. Bf4 Qd5 18. Rb6 cxd4 19. Nxd4 Rfd8 20. Qe2 Bxd4
21. cxd4 Qxd4 22. Rxe6 Qxf4 23. g3 Qd2 24. Rxe7 Qxe2 25. R1xe2 Rd1+ 26. Kg2
Rad8 27. Ra7 R8d6 28. Re8+ Kg7 29. Rea8 R6d2 30. Rb7 Rd6 31. Rba7 R6d2 32. Re8
Rd6 33. Re2 Rc1 34. g4 h6 1/2-1/2

[Event "Copenhagen Chess Challenge 2013"]
[Site "Ballerup"]
[Date "2013.??.??"]
[Round "7"]
[White "Jacobsen, Mads Holger Bang"]
[Black "Petersen, Peter Birk"]
[Result "1/2-1/2"]
[WhiteElo "2050"]
[BlackElo "2167"]
[PlyCount "41"]
[EventDate "2013.??.??"]
[EventType "swiss"]
[EventRounds "9"]
[EventCountry "DEN"]

1. c4 e5 2. g3 Nf6 3. Bg2 d5 4. cxd5 Nxd5 5. Nc3 Nb6 6. Nf3 Nc6 7. O-O Be7 8.
d3 O-O 9. a3 a5 10. Be3 Be6 11. Rc1 Nd5 12. Nxd5 Bxd5 13. Qa4 Bf6 14. Rfd1 Nd4
15. Nxd4 exd4 16. Bxd4 Bxg2 17. Bxf6 Qxf6 18. Kxg2 Qxb2 19. Rxc7 b5 20. Rc2 Qe5
21. Qb3 1/2-1/2

[Event "Copenhagen Chess Challenge 2013"]
[Site "Ballerup"]
[Date "2013.??.??"]
[Round "7"]
[White "Nielsen, Thomas (1975)"]
[Black "Nielsen, Brian"]
[Result "1/2-1/2"]
[WhiteElo "1886"]
[BlackElo "2022"]
[PlyCount "30"]
[EventDate "2013.??.??"]
[EventType "swiss"]
[EventRounds "9"]
[EventCountry "DEN"]

1. d4 Nf6 2. c4 g6 3. Nc3 Bg7 4. e4 d6 5. h3 O-O 6. Nf3 e5 7. Be3 exd4 8. Nxd4
Re8 9. Bd3 Na6 10. O-O Nc5 11. Qc2 Nfd7 12. Nf3 Nxd3 13. Qxd3 Ne5 14. Nxe5 Bxe5
15. f4 Bg7 1/2-1/2

[Event "Copenhagen Chess Challenge 2013"]
[Site "Ballerup"]
[Date "2013.??.??"]
[Round "7"]
[White "Vesterli, Michael E"]
[Black "Andersen, Daniel"]
[Result "1/2-1/2"]
[WhiteElo "2015"]
[BlackElo "1935"]
[PlyCount "57"]
[EventDate "2013.??.??"]
[EventType "swiss"]
[EventRounds "9"]
[EventCountry "DEN"]

1. d4 Nf6 2. c4 g6 3. Nc3 d5 4. cxd5 Nxd5 5. e4 Nxc3 6. bxc3 Bg7 7. Nf3 c5 8.
Rb1 O-O 9. Be2 cxd4 10. cxd4 Qa5+ 11. Bd2 Qxa2 12. O-O b6 13. Ra1 Qe6 14. e5
Bb7 15. Qb1 Nc6 16. Rc1 Qd7 17. Be3 Rfc8 18. Bc4 Na5 19. Bxf7+ Kxf7 20. e6+
Kxe6 21. Ng5+ Kf6 22. Nxh7+ Kf7 23. Ng5+ Kf6 24. Nh7+ Kf7 25. Ng5+ Kf6 26. Nh7+
Kf7 27. Ng5+ Kf6 28. Nh7+ Kf7 29. Ng5+ 1/2-1/2

[Event "Copenhagen Chess Challenge 2013"]
[Site "Ballerup"]
[Date "2013.??.??"]
[Round "7"]
[White "Olsen, Michael Richard W"]
[Black "Andreassen, Mikkel"]
[Result "1/2-1/2"]
[WhiteElo "1977"]
[BlackElo "1928"]
[PlyCount "44"]
[EventDate "2013.??.??"]
[EventType "swiss"]
[EventRounds "9"]
[EventCountry "DEN"]

1. e4 e5 2. Nf3 Nc6 3. Bc4 Nf6 4. Ng5 d5 5. exd5 Na5 6. d3 Nxc4 7. dxc4 h6 8.
Nf3 Bd6 9. h3 O-O 10. Be3 Nd7 11. Nc3 f5 12. Nb5 f4 13. Nxd6 cxd6 14. Bc1 Nc5
15. a4 Bd7 16. b3 Qf6 17. Bb2 Rae8 18. Qe2 Qg6 19. O-O-O e4 20. Nd4 e3 21. f3
Bf5 22. Ba3 Qf6 1/2-1/2

[Event "Copenhagen Chess Challenge 2013"]
[Site "Ballerup"]
[Date "2013.??.??"]
[Round "7"]
[White "Petrovski, Petruli"]
[Black "Haagen Larsen, Hans"]
[Result "1-0"]
[WhiteElo "1858"]
[BlackElo "1745"]
[PlyCount "93"]
[EventDate "2013.??.??"]
[EventType "swiss"]
[EventRounds "9"]
[EventCountry "DEN"]

1. Nf3 d6 2. e4 g6 3. Nc3 Bg7 4. d4 Nc6 5. Be3 e5 6. dxe5 Nxe5 7. Nxe5 Bxe5 8.
Qd2 Ne7 9. O-O-O Nc6 10. f4 Bg7 11. h3 O-O 12. Be2 Be6 13. Kb1 f5 14. exf5 Bxf5
15. g4 Bd7 16. h4 Bxc3 17. Qxc3 Qf6 18. Qxf6 Rxf6 19. g5 Rff8 20. Bc4+ Kg7 21.
Bd2 h5 22. gxh6+ Kh7 23. h5 gxh5 24. Rdg1 Bf5 25. Rxh5 Nd4 26. Bd3 Bxd3 27.
cxd3 Rf7 28. Rg7+ Rxg7 29. hxg7+ Kxg7 30. Bc3 c5 31. Bxd4+ cxd4 32. Rd5 Rd8 33.
Rxd4 Kf6 34. Kc2 d5 35. Kb3 a5 36. Ka4 b6 37. Kb5 Rd6 38. Ka6 Ke6 39. b4 a4 40.
a3 Kf5 41. Kb5 Ke6 42. Kxa4 Kd7 43. Kb5 Kc7 44. f5 Kb7 45. Rg4 d4 46. Rg7+ Kb8
47. Rg6 1-0

[Event "Copenhagen Chess Challenge 2013"]
[Site "Ballerup"]
[Date "2013.??.??"]
[Round "7"]
[White "Nilsen, Joachim Birger"]
[Black "Hagen, Andreas Skytte"]
[Result "0-1"]
[WhiteElo "2229"]
[BlackElo "2400"]
[PlyCount "60"]
[EventDate "2013.??.??"]
[EventType "swiss"]
[EventRounds "9"]
[EventCountry "DEN"]

1. d4 Nf6 2. c4 g6 3. Nc3 Bg7 4. e4 d6 5. Nf3 O-O 6. Be2 e5 7. O-O Nc6 8. d5
Ne7 9. Ne1 Nd7 10. Be3 f5 11. f3 f4 12. Bf2 g5 13. Rc1 Rf6 14. Nd3 b6 15. b4
Rh6 16. c5 a6 17. cxd6 cxd6 18. b5 Qe8 19. bxa6 Qh5 20. h4 gxh4 21. Kh1 Qg5 22.
Rg1 Nf6 23. Be1 Nh5 24. Nf2 Ng3+ 25. Kh2 h3 26. Ng4 Bxg4 27. fxg4 Qh4 28. Bf1
hxg2+ 29. Kxg2 Qh2+ 30. Kf3 Qxg1 0-1

[Event "Copenhagen Chess Challenge 2013"]
[Site "Ballerup"]
[Date "2013.??.??"]
[Round "7"]
[White "Arvola, Benjamin"]
[Black "Lokander, Martin"]
[Result "1/2-1/2"]
[WhiteElo "2358"]
[BlackElo "2225"]
[PlyCount "96"]
[EventDate "2013.??.??"]
[EventType "swiss"]
[EventRounds "9"]
[EventCountry "DEN"]

1. d4 Nf6 2. c4 c6 3. Nf3 d5 4. Nc3 e6 5. e3 Nbd7 6. Qc2 b6 7. b3 Bb7 8. Bb2
Bd6 9. Be2 Qc7 10. Rc1 Rc8 11. O-O O-O 12. h3 h6 13. Rfd1 Qb8 14. Bd3 Rfe8 15.
Qe2 Rcd8 16. Bb1 dxc4 17. e4 e5 18. Qxc4 exd4 19. Nxd4 Bh2+ 20. Kh1 Bf4 21. Rc2
b5 22. Qf1 c5 23. Ndxb5 Nxe4 24. Nxe4 Bxe4 25. Re2 Bc6 26. Na3 Ne5 27. Be4 Rxd1
28. Qxd1 Rd8 29. Qf1 Bxe4 30. Rxe4 Nd3 31. Nc4 Nxf2+ 32. Qxf2 Rd1+ 33. Re1 Bg3
34. Qxg3 Qxg3 35. Rxd1 Qf2 36. Rd2 Qf1+ 37. Kh2 f6 38. Rd8+ Kh7 39. Rd7 a5 40.
Ra7 h5 41. Rxa5 h4 42. Ra7 Qe1 43. Bxf6 Qg3+ 44. Kg1 Qe1+ 45. Kh2 Qg3+ 46. Kg1
Qe1+ 47. Kh2 Qg3+ 48. Kg1 Qe1+ 1/2-1/2

[Event "Copenhagen Chess Challenge 2013"]
[Site "Ballerup"]
[Date "2013.??.??"]
[Round "7"]
[White "Hagen, Anders Gjerdrum"]
[Black "Johansson, Linus"]
[Result "1/2-1/2"]
[WhiteElo "2134"]
[BlackElo "2348"]
[PlyCount "170"]
[EventDate "2013.??.??"]
[EventType "swiss"]
[EventRounds "9"]
[EventCountry "DEN"]

1. d4 Nf6 2. c4 e6 3. Nc3 Bb4 4. e3 O-O 5. Nge2 d5 6. a3 Be7 7. Nf4 a6 8. Qc2
Re8 9. cxd5 exd5 10. Bd3 c6 11. O-O Bd6 12. e4 dxe4 13. Nxe4 Nxe4 14. Bxe4 h6
15. g3 Nd7 16. Bf3 Nf6 17. Rd1 Bxf4 18. Bxf4 Be6 19. Be5 Nd5 20. Qd2 Qd7 21.
Re1 Bg4 22. Bg2 Rad8 23. f3 Bh3 24. Rad1 Bxg2 25. Kxg2 Re6 26. Re4 Rde8 27.
Rde1 Rd8 28. Bf4 Rxe4 29. Rxe4 Nf6 30. Re2 Re8 31. Rxe8+ Qxe8 32. Be3 Nd5 33.
Bf2 Qe6 34. Qc2 Nf6 35. Qd3 Kf8 36. Qd2 Ke8 37. Qb4 Qe7 38. Qb6 Nd5 39. Qa7 f6
40. Qb8+ Kf7 41. Kf1 a5 42. Qa8 Qc7 43. Be1 b6 44. Bf2 Qd7 45. Kg2 Kg6 46. Qa6
Qe6 47. Qd3+ Kf7 48. Qc2 Kg8 49. Qd3 a4 50. Kf1 b5 51. Kg2 Kf7 52. Kf1 Nb6 53.
Kg2 Nc4 54. Qc2 Qd5 55. Bg1 f5 56. Bf2 g5 57. h3 h5 58. g4 hxg4 59. hxg4 fxg4
60. Qh7+ Kf8 61. Qh8+ Ke7 62. Qg7+ Kd8 63. Qf8+ Kd7 64. Qg7+ Kc8 65. Bg3 gxf3+
66. Kh2 Qd7 67. Qf8+ Kb7 68. Qb8+ Ka6 69. Bc7 Qh7+ 70. Kg3 Qh4+ 71. Kxf3 Qh3+
72. Kf2 Qf5+ 73. Kg3 Qd3+ 74. Kh2 Qe2+ 75. Kh1 Qh5+ 76. Kg1 Qg4+ 77. Kh2 Qh4+
78. Kg2 Qe4+ 79. Kh2 Qc2+ 80. Kg3 Qd3+ 81. Kh2 Qe2+ 82. Kg3 Qe1+ 83. Kh2 Qf2+
84. Kh1 Qh4+ 85. Kg2 Qe4+ 1/2-1/2

[Event "Copenhagen Chess Challenge 2013"]
[Site "Ballerup"]
[Date "2013.??.??"]
[Round "7"]
[White "Tikkanen, Hans"]
[Black "Lindgren, Philip"]
[Result "1-0"]
[WhiteElo "2552"]
[BlackElo "2260"]
[PlyCount "97"]
[EventDate "2013.??.??"]
[EventType "swiss"]
[EventRounds "9"]
[EventCountry "DEN"]

1. b3 d5 2. Bb2 Nf6 3. f4 g6 4. Nf3 Bg7 5. e3 O-O 6. c4 c6 7. Nc3 Bg4 8. h3
Bxf3 9. Qxf3 Na6 10. cxd5 Nb4 11. Kf2 Nfxd5 12. Be2 Nd3+ 13. Bxd3 Nxc3 14. dxc3
Qxd3 15. Rhd1 Qc2+ 16. Qe2 Qxe2+ 17. Kxe2 Rfd8 18. g4 e6 19. e4 Bf6 20. g5 Bg7
21. h4 f5 22. e5 Bf8 23. c4 Be7 24. Bd4 c5 25. Be3 b6 26. a3 Kf7 27. Rh1 Rd7
28. h5 Bf8 29. h6 Rad8 30. Ra2 Rd3 31. Rb1 R8d7 32. Rd2 Rxd2+ 33. Bxd2 a5 34.
Bc3 Rc7 35. Kd3 Rd7+ 36. Kc2 Rc7 37. Bd2 Ke8 38. Kd3 Rd7+ 39. Ke2 Rc7 40. b4
cxb4 41. axb4 Rxc4 42. bxa5 bxa5 43. Kd3 Re4 44. Rb7 Be7 45. Rb8+ Kd7 46. Rh8
Ra4 47. Rxh7 Ra3+ 48. Bc3 Ra4 49. Rxe7+ 1-0